[Event "Mittelfranken-chTB2a 1718"]
[Site "Mittelfranken"]
[Date "2018.05.06"]
[Round "9.7"]
[White "Junk, Philipp"]
[Black "Strobel, Norbert"]
[Result "1/2-1/2"]
[WhiteElo "1848"]
[BlackElo "1969"]
[PlyCount "103"]
[EventDate "2017.10.08"]
[EventType "team-tourn"]
[EventRounds "9"]
[EventCountry "GER"]
[SourceTitle "EXT 2022"]
[Source "ChessBase"]
[SourceDate "2021.10.06"]
[SourceVersion "1"]
[SourceVersionDate "2021.10.06"]
[SourceQuality "1"]
[WhiteTeam "Jaecklechemie SC"]
[BlackTeam "Fuerth SG"]
[WhiteTeamCountry "GER"]
[BlackTeamCountry "GER"]

1. e4 c6 2. d4 d5 3. exd5 cxd5 4. c4 Nf6 5. Nc3 Nc6 6. Bg5 e6 7. Nf3 Be7 8. c5 0-0 9. Bb5 a5 10. 0-0 Na7 11. Qd3 Bd7 12. Bxd7 Nxd7 13. Bxe7 Qxe7 14. a3 Nc6 15. b4 axb4 16. axb4 Rxa1 17. Rxa1 Nxb4 18. Qb5 Nc6 19. Qxb7 Ndb8 20. Qb6 f6 21. Re1 Qd7 22. Nb5 Re8 23. Nd6 Re7 24. Qb3 h6 25. g3 Na6 26. Kg2 Nc7 27. Qa4 Ne8 28. Nxe8 Qxe8 29. Qb3 Qb8 30. Qxb8+ Nxb8 31. Rb1 Nc6 32. Kf1 Kf7 33. Ke2 e5 34. Ke3 exd4+ 35. Kd3 Ne5+ 36. Ke2 Nxf3+ 37. Kxf3 Rc7 38. Rc1 Rc6 39. Ke2 Ra6 40. c6 Ra8 41. Kd3 Ke6 42. c7 Rc8 43. Kxd4 Kd6 44. f4 Rxc7 45. Rxc7 Kxc7 46. Kxd5 Kd7 47. f5 h5 48. h3 Ke7 49. Kc6 Ke8 50. Kd6 Kf7 51. Kd7 Kf8 52. Kd8 1/2-1/2

[Event "Mittelfranken-chTB2a 1718"]
[Site "Mittelfranken"]
[Date "2017.10.08"]
[Round "1.7"]
[White "Junk, Philipp"]
[Black "Stoll, Tobias"]
[Result "1-0"]
[WhiteElo "1848"]
[BlackElo "1615"]
[PlyCount "69"]
[EventDate "2017.10.08"]
[EventType "team-tourn"]
[EventRounds "9"]
[EventCountry "GER"]
[SourceTitle "EXT 2022"]
[Source "ChessBase"]
[SourceDate "2021.10.06"]
[SourceVersion "1"]
[SourceVersionDate "2021.10.06"]
[SourceQuality "1"]
[WhiteTeam "Jaecklechemie SC"]
[BlackTeam "Cadolzburg"]
[WhiteTeamCountry "GER"]
[BlackTeamCountry "GER"]

1. e4 e6 2. d4 d5 3. Nd2 c5 4. exd5 Qxd5 5. Ngf3 Nc6 6. Bc4 Qd7 7. Nb3 cxd4 8. Nbxd4 Nf6 9. 0-0 Bc5 10. Nxc6 Qxc6 11. Qe2 0-0 12. Bg5 Nd5 13. Rad1 h6 14. Bc1 Nb6 15. Bb3 Qc7 16. c3 Rd8 17. Bf4 Qe7 18. Rxd8+ Qxd8 19. Rd1 Qe7 20. Bc2 Nd7 21. b4 Qf6 22. Qe4 g5 23. Bg3 Be7 24. Qh7+ Kf8 25. Rxd7 Bxd7 26. Be5 Rc8 27. Bxf6 Bxf6 28. Qxh6+ Ke7 29. Nxg5 Rxc3 30. Ne4 Rxc2 31. Qxf6+ Kf8 32. h4 Bc6 33. Nd6 Be8 34. h5 Rxa2 35. h6 1-0

[Event "Nuremberg Zabo op 19th"]
[Site "Nuremberg"]
[Date "2017.09.17"]
[Round "5"]
[White "Junk, Philipp"]
[Black "Bauer, Karlheinz"]
[Result "1-0"]
[WhiteElo "1797"]
[BlackElo "1954"]
[PlyCount "45"]
[EventDate "2017.09.15"]
[EventType "swiss"]
[EventRounds "5"]
[EventCountry "GER"]
[SourceTitle "EXT 2022"]
[Source "ChessBase"]
[SourceDate "2021.10.06"]
[SourceVersion "1"]
[SourceVersionDate "2021.10.06"]
[SourceQuality "1"]

1. e4 e6 2. d4 d5 3. Nd2 dxe4 4. Nxe4 Nf6 5. Nxf6+ Qxf6 6. Nf3 Qd8 7. Bd3 Be7 8. Be3 Nd7 9. 0-0 0-0 10. c4 c5 11. Qc2 f5 12. d5 exd5 13. Bxf5 Nf6 14. Bxc8 Rxc8 15. cxd5 Nxd5 16. Rfd1 Nxe3 17. Qb3+ c4 18. Qxe3 Qc7 19. Qe6+ Rf7 20. Rd7 Qc5 21. Rxe7 Qxe7 22. Qxc8+ Rf8 23. Qxc4+ 1-0

[Event "Nuremberg Zabo op 19th"]
[Site "Nuremberg"]
[Date "2017.09.16"]
[Round "2"]
[White "Junk, Philipp"]
[Black "Hoffmann, Sebastian1111"]
[Result "1-0"]
[WhiteElo "1797"]
[BlackElo "2028"]
[PlyCount "81"]
[EventDate "2017.09.15"]
[EventType "swiss"]
[EventRounds "5"]
[EventCountry "GER"]
[SourceTitle "EXT 2022"]
[Source "ChessBase"]
[SourceDate "2021.10.06"]
[SourceVersion "1"]
[SourceVersionDate "2021.10.06"]
[SourceQuality "1"]

1. e4 d5 2. exd5 Qxd5 3. Nc3 Qd8 4. Bc4 Nf6 5. d3 a6 6. a4 Bg4 7. Nge2 Nc6 8. Be3 e6 9. h3 Bh5 10. Qd2 Bb4 11. Nf4 Bg6 12. 0-0 Nd5 13. Nfxd5 exd5 14. Bxd5 Qxd5 15. Nxd5 Bxd2 16. Bxd2 0-0-0 17. Nf4 Nd4 18. Rfc1 Rhe8 19. Be3 Bf5 20. g4 g5 21. Bxd4 Rxd4 22. Ng2 Bd7 23. b3 h5 24. Ne3 hxg4 25. hxg4 Kd8 26. Re1 Bxg4 27. Nxg4 Rxg4+ 28. Kf1 Rh8 29. Ke2 Rh2 30. Rh1 Rhg2 31. Kf3 Kd7 32. b4 Kd6 33. c4 Ke5 34. Rae1+ Kd6 35. Re4 f5 36. Ree1 Kc6 37. d4 Kd6 38. d5 c6 39. Re6+ Kc7 40. d6+ Kd7 41. Rg6 1-0

[Event "Mittelfranken-ch HT"]
[Site "Nuremberg"]
[Date "2016.03.23"]
[Round "3"]
[White "Hannweber, Markus"]
[Black "Junk, Philipp"]
[Result "1/2-1/2"]
[WhiteElo "2029"]
[BlackElo "1781"]
[PlyCount "46"]
[EventDate "2016.03.22"]
[EventType "swiss"]
[EventRounds "9"]
[EventCountry "GER"]
[SourceTitle "EXT 2018"]
[Source "ChessBase"]
[SourceDate "2017.10.13"]
[SourceVersion "1"]
[SourceVersionDate "2017.10.13"]
[SourceQuality "1"]

1. e4 c5 2. Nf3 e6 3. d4 cxd4 4. Nxd4 a6 5. a3 Nf6 6. Nc3 Qc7 7. Be2 b5 8. Qd3 Bb7 9. f3 d6 10. 0-0 Nbd7 11. Be3 Be7 12. Rfd1 Rc8 13. Rac1 Ne5 14. Qd2 0-0 15. Qe1 Nfd7 16. Nb3 Nb6 17. Nd2 Nbc4 18. Nxc4 Nxc4 19. Bxc4 Qxc4 20. Qe2 Qc6 21. Bd4 Bg5 22. Be3 Bf6 23. Bd4 Bg5 1/2-1/2

[Event "Mittelfranken-ch HT"]
[Site "Nuremberg"]
[Date "2016.03.22"]
[Round "1"]
[White "Erlbeck, Peter"]
[Black "Junk, Philipp"]
[Result "1-0"]
[WhiteElo "2056"]
[BlackElo "1781"]
[PlyCount "61"]
[EventDate "2016.03.22"]
[EventType "swiss"]
[EventRounds "9"]
[EventCountry "GER"]
[SourceTitle "EXT 2018"]
[Source "ChessBase"]
[SourceDate "2017.10.13"]
[SourceVersion "1"]
[SourceVersionDate "2017.10.13"]
[SourceQuality "1"]

1. e4 c5 2. Nc3 Nc6 3. f4 g6 4. Nf3 Bg7 5. Bc4 e6 6. f5 Nge7 7. fxe6 fxe6 8. d3 0-0 9. 0-0 a6 10. Qe1 d5 11. Bb3 b5 12. a3 c4 13. Ba2 a5 14. Bg5 b4 15. exd5 exd5 16. Nxd5 b3 17. Nxe7+ Nxe7 18. cxb3 Qb6+ 19. Be3 Qb7 20. bxc4 Qxb2 21. d4 Nf5 22. c5+ Kh8 23. Rf2 Qb5 24. Ne5 Bxe5 25. dxe5 Re8 26. e6 Bxe6 27. Bxe6 Rxe6 28. Rxf5 Rxe3 29. Qxe3 gxf5 30. Qe5+ Kg8 31. Qd5+ 1-0

[Event "Mittelfranken Mitte-ch"]
[Site "Zirndorf"]
[Date "2016.01.03"]
[Round "2"]
[White "Drees, Martin"]
[Black "Junk, Philipp"]
[Result "0-1"]
[WhiteElo "1875"]
[BlackElo "1747"]
[PlyCount "40"]
[EventDate "2016.01.03"]
[EventType "swiss"]
[EventRounds "7"]
[EventCountry "GER"]
[SourceTitle "EXT 2018"]
[Source "ChessBase"]
[SourceDate "2017.10.13"]
[SourceVersion "1"]
[SourceVersionDate "2017.10.13"]
[SourceQuality "1"]

1. e4 c5 2. c3 d5 3. exd5 Qxd5 4. d4 Nf6 5. Nf3 Nc6 6. Be2 Bg4 7. dxc5 Qxc5 8. Be3 Qa5 9. Qb3 Qc7 10. Ng5 e6 11. Bxg4 Nxg4 12. Nxe6 Qe7 13. Nxf8 Nxe3 14. fxe3 Qxe3+ 15. Kf1 0-0-0 16. h4 Qc1+ 17. Ke2 Qxh1 18. Qxf7 Qxg2+ 19. Ke1 Rhxf8 20. Qe6+ Kb8 0-1

[Event "Mittelfranken Mitte-ch"]
[Site "Zirndorf"]
[Date "2016.01.03"]
[Round "1"]
[White "Junk, Philipp"]
[Black "Kocak, Ediz"]
[Result "1-0"]
[WhiteElo "1747"]
[BlackElo "1567"]
[PlyCount "87"]
[EventDate "2016.01.03"]
[EventType "swiss"]
[EventRounds "7"]
[EventCountry "GER"]
[SourceTitle "EXT 2018"]
[Source "ChessBase"]
[SourceDate "2017.10.13"]
[SourceVersion "1"]
[SourceVersionDate "2017.10.13"]
[SourceQuality "1"]

1. e4 d5 2. exd5 Nf6 3. c4 c6 4. d4 cxd5 5. Nc3 e6 6. Nf3 Bb4 7. Qa4+ Nc6 8. Bg5 0-0 9. a3 Bxc3+ 10. bxc3 dxc4 11. Bxc4 Qa5 12. Qxa5 Nxa5 13. Bd3 Nd5 14. c4 Nb6 15. Rc1 f6 16. Be3 Rd8 17. Ke2 Bd7 18. Rhd1 Ba4 19. Re1 Rac8 20. c5 Nd5 21. Nd2 f5 22. g3 h6 23. h4 Rf8 24. Kf3 e5 25. dxe5 f4 26. gxf4 Nxf4 27. Bxf4 g5 28. hxg5 hxg5 29. Rg1 Rxf4+ 30. Ke3 Rh4 31. Rxg5+ Kf7 32. Ne4 Rch8 33. Rcg1 Bc6 34. Nd6+ Kf8 35. Rf5+ Ke7 36. Rg7+ Kd8 37. Nf7+ Ke8 38. Nxh8 Rh3+ 39. f3 Rxh8 40. Rf6 Nb3 41. e6 Nxc5 42. Bg6+ Kd8 43. e7+ Kc8 44. Rf8+ 1-0

[Event "Nuremberg Zabo op 17th"]
[Site "Nuremberg"]
[Date "2015.09.25"]
[Round "4"]
[White "Junk, Philipp"]
[Black "Ulusoy, Tolga"]
[Result "0-1"]
[WhiteElo "1747"]
[BlackElo "2029"]
[PlyCount "140"]
[EventDate "2015.09.21"]
[EventType "swiss"]
[EventRounds "5"]
[EventCountry "GER"]
[SourceTitle "EXT 2018"]
[Source "ChessBase"]
[SourceDate "2017.10.13"]
[SourceVersion "1"]
[SourceVersionDate "2017.10.13"]
[SourceQuality "1"]

1. e4 c5 2. Nf3 d6 3. d4 cxd4 4. Nxd4 Nf6 5. Nc3 g6 6. Be3 Bg7 7. f3 Nc6 8. Qd2 0-0 9. g4 Nxd4 10. Bxd4 Be6 11. h4 h5 12. gxh5 Nxh5 13. Bxg7 Kxg7 14. Bd3 Qa5 15. Rg1 Qe5 16. Qg5 Qxg5 17. hxg5 Nf4 18. Ne2 Nxe2 19. Kxe2 Rh8 20. Rh1 Rh5 21. Rxh5 gxh5 22. Rh1 Kg6 23. f4 Bg4+ 24. Ke3 e5 25. Rh2 Re8 26. Bc4 exf4+ 27. Kxf4 f6 28. gxf6 Kxf6 29. Rd2 Ke7 30. Bd5 b6 31. Kg5 Rf8 32. Rd3 Rc8 33. Rd2 Rf8 34. Rd3 Rf3 35. Rd2 Re3 36. Rf2 Be6 37. Bxe6 Kxe6 38. Kxh5 Rxe4 39. Kg5 Kd5 40. Rd2+ Ke5 41. Rf2 Re1 42. Rg2 d5 43. Kg4 Ke4 44. Kg5 d4 45. Kf6 Ra1 46. a3 Ra2 47. Re2+ Kf3 48. Rd2 Ke4 49. Re2+ Kd5 50. b3 Rxa3 51. Re5+ Kd6 52. Re4 Kc5 53. Ke5 Ra2 54. Rxd4 Rxc2 55. Rd7 Re2+ 56. Kf4 a5 57. Rd3 b5 58. Kf3 Re5 59. Kf4 Re1 60. Kf3 Kb4 61. Kf2 Rb1 62. Ke2 Rxb3 63. Rd4+ Kc5 64. Rh4 Rc3 65. Kd2 b4 66. Rh5+ Kb6 67. Rh6+ Kb5 68. Rh5+ Rc5 69. Rh8 b3 70. Kd3 Ka4 0-1

[Event "Mittelfranken-chTB1 1415"]
[Site "Mittelfranken"]
[Date "2015.03.22"]
[Round "8.8"]
[White "Eichstaedt, Timm"]
[Black "Junk, Philipp"]
[Result "1-0"]
[WhiteElo "1954"]
[BlackElo "1811"]
[PlyCount "95"]
[EventDate "2014.09.29"]
[EventType "team-tourn"]
[EventRounds "9"]
[EventCountry "GER"]
[SourceTitle "EXT 2020"]
[Source "ChessBase"]
[SourceDate "2019.10.17"]
[SourceVersion "1"]
[SourceVersionDate "2019.10.17"]
[SourceQuality "1"]
[WhiteTeam "Herzogenaurach"]
[BlackTeam "Nuernberg NT III"]
[WhiteTeamCountry "GER"]
[BlackTeamCountry "GER"]

1. Nf3 Nf6 2. d4 d5 3. c4 c6 4. Nc3 e6 5. g3 Nbd7 6. Bg2 Be7 7. 0-0 0-0 8. b3 Ne4 9. Nxe4 dxe4 10. Nd2 f5 11. Bb2 Bf6 12. b4 e5 13. Nb3 Qe7 14. d5 cxd5 15. Qxd5+ Qf7 16. Rfd1 Nb6 17. Qxf7+ Kxf7 18. Rac1 Be6 19. Na5 Rfd8 20. Nxb7 Rxd1+ 21. Rxd1 Nxc4 22. Bc3 Ke7 23. e3 Rc8 24. Nc5 Rc7 25. Bf1 Nb6 26. a4 Nd5 27. Nxe6 Nxc3 28. Nxc7 Nxd1 29. Nb5 Nb2 30. a5 Nd3 31. Bxd3 exd3 32. Kf1 a6 33. Nc7 e4 34. b5 Kd7 35. Nxa6 Bc3 36. Nc5+ Kc7 37. Nb3 Bb4 38. Nd4 g6 39. Ne6+ Kb7 40. Nd8+ Kc7 41. Nc6 Bc3 42. a6 Kb6 43. a7 Kb7 44. b6 Ka8 45. h3 Kb7 46. Nd8+ Ka8 47. Ne6 Be5 48. Nc7+ 1-0

[Event "Mittelfranken-chTB2b 1415"]
[Site "Mittelfranken"]
[Date "2015.03.08"]
[Round "7.4"]
[White "Junk, Philipp"]
[Black "Kotz, Roland"]
[Result "1-0"]
[WhiteElo "1811"]
[BlackElo "1622"]
[PlyCount "61"]
[EventDate "2014.09.28"]
[EventType "team-tourn"]
[EventRounds "9"]
[EventCountry "GER"]
[SourceTitle "EXT 2020"]
[Source "ChessBase"]
[SourceDate "2019.10.17"]
[SourceVersion "1"]
[SourceVersionDate "2019.10.17"]
[SourceQuality "1"]
[WhiteTeam "Nuernberg NT IV"]
[BlackTeam "Kirchehren/Eberm"]
[WhiteTeamCountry "GER"]
[BlackTeamCountry "GER"]

1. e4 e5 2. Nf3 Bc5 3. Nxe5 Qh4 4. Qf3 Nf6 5. d3 d6 6. g3 Qh5 7. Qxh5 Nxh5 8. Nf3 Nc6 9. Be3 Bxe3 10. fxe3 f5 11. Nc3 fxe4 12. Nxe4 0-0 13. Bg2 Bg4 14. Rf1 d5 15. Nc3 Nb4 16. Kd2 c6 17. a3 Na6 18. Ne5 Be6 19. Ne2 Nf6 20. Nd4 Rae8 21. Nxe6 Rxe6 22. Nf3 Rfe8 23. Rae1 R6e7 24. h3 Nc7 25. Nd4 Re5 26. Rf5 R5e7 27. b4 b6 28. Nxc6 Re6 29. Nd4 R6e7 30. g4 a5 31. g5 1-0

[Event "Mittelfranken-chTB2a 1314"]
[Site "Mittelfranken"]
[Date "2014.01.26"]
[Round "5.5"]
[White "Hetterich, Norbert"]
[Black "Junk, Philipp"]
[Result "1-0"]
[WhiteElo "1822"]
[BlackElo "1811"]
[PlyCount "37"]
[EventDate "2013.10.20"]
[EventType "team-tourn"]
[EventRounds "9"]
[EventCountry "GER"]
[SourceTitle "EXT 2020"]
[Source "ChessBase"]
[SourceDate "2019.10.17"]
[SourceVersion "1"]
[SourceVersionDate "2019.10.17"]
[SourceQuality "1"]
[WhiteTeam "Anderssen/78 Nuernberg"]
[BlackTeam "Nuernberg NT V"]
[WhiteTeamCountry "GER"]
[BlackTeamCountry "GER"]

1. d4 d5 2. c4 c6 3. Nc3 Nf6 4. Bf4 Nbd7 5. e3 e6 6. Nf3 Bb4 7. Nd2 0-0 8. a3 Be7 9. Bd3 dxc4 10. Nxc4 Nb6 11. Nxb6 Qxb6 12. Qc2 c5 13. Be5 h6 14. 0-0 Bd7 15. Ne4 Nxe4 16. Bxe4 Rac8 17. d5 exd5 18. Bxd5 Bc6 19. Qg6 1-0

[Event "Mittelfranken-chTB2b 1213"]
[Site "Germany"]
[Date "2013.03.10"]
[Round "9.4"]
[White "Perner, Bastian"]
[Black "Junk, Philipp"]
[Result "1/2-1/2"]
[WhiteElo "1881"]
[BlackElo "1850"]
[PlyCount "43"]
[EventDate "2012.10.07"]
[EventType "team-tourn"]
[EventRounds "9"]
[EventCountry "GER"]
[SourceTitle "EXT 2019"]
[Source "ChessBase"]
[SourceDate "2018.10.10"]
[SourceVersion "1"]
[SourceVersionDate "2018.10.10"]
[SourceQuality "1"]
[WhiteTeam "Heideck/Hilpoltstein"]
[BlackTeam "Nuernberg NT IV"]
[WhiteTeamCountry "GER"]
[BlackTeamCountry "GER"]

1. e4 c5 2. Nf3 e6 3. d4 cxd4 4. Nxd4 Nc6 5. Nc3 a6 6. a3 Qc7 7. Be3 Nf6 8. Be2 Be7 9. Qd2 b5 10. Nxc6 dxc6 11. f4 Bb7 12. Bf3 Rd8 13. Qf2 c5 14. e5 Nd5 15. Nxd5 Bxd5 16. 0-0 0-0 17. Rad1 Rd7 18. Qg3 f6 19. Bg4 Rdd8 20. Rd2 b4 21. axb4 cxb4 22. Rfd1 1/2-1/2

[Event "Landesliga U20 Nord 1112"]
[Site "Bayern"]
[Date "2011.12.03"]
[Round "2.2"]
[White "Beesk, Kevin"]
[Black "Junk, Philipp"]
[Result "0-1"]
[WhiteElo "1695"]
[BlackElo "1850"]
[PlyCount "80"]
[EventDate "2011.11.12"]
[EventType "team-tourn"]
[EventRounds "7"]
[EventCountry "GER"]
[SourceTitle "EXT 2022"]
[Source "ChessBase"]
[SourceDate "2021.10.06"]
[SourceVersion "1"]
[SourceVersionDate "2021.10.06"]
[SourceQuality "1"]
[WhiteTeam "Neumarkt U20"]
[BlackTeam "Nuernberg NT U20"]
[WhiteTeamCountry "GER"]
[BlackTeamCountry "GER"]

1. Nc3 g6 2. Nf3 Bg7 3. e4 d6 4. d4 Nd7 5. Be3 Ngf6 6. h3 c5 7. dxc5 Qa5 8. Qd2 Nxc5 9. Bd3 Nxd3+ 10. cxd3 b5 11. 0-0 Bb7 12. Nd4 a6 13. f3 0-0 14. Nb3 Qd8 15. d4 Nd7 16. Bh6 f5 17. Bxg7 Kxg7 18. a3 e5 19. d5 Qh4 20. Qf2 Qe7 21. Qd2 Nb6 22. Na5 Rac8 23. Nxb7 Qxb7 24. b3 Nd7 25. b4 Nb6 26. Nd1 Rc4 27. Nb2 Rd4 28. Qe2 Rc8 29. Rfd1 Nc4 30. Rxd4 exd4 31. Nxc4 bxc4 32. Rc1 Qb6 33. Kf1 d3 34. Qd2 Qd4 35. Qc3 Qxc3 36. Rxc3 Kf6 37. Ke1 Ke5 38. Kd2 fxe4 39. fxe4 Kxe4 40. a4 Kxd5 0-1

[Event "Landesliga U20 Nord 1011"]
[Site "Bayern"]
[Date "2011.04.02"]
[Round "6.1"]
[White "Walter, Florian"]
[Black "Junk, Philipp"]
[Result "1-0"]
[WhiteElo "2080"]
[BlackElo "1758"]
[PlyCount "59"]
[EventDate "2010.10.16"]
[EventType "team-tourn"]
[EventRounds "7"]
[EventCountry "GER"]
[SourceTitle "EXT 2022"]
[Source "ChessBase"]
[SourceDate "2021.10.06"]
[SourceVersion "1"]
[SourceVersionDate "2021.10.06"]
[SourceQuality "1"]
[WhiteTeam "Lauf SV U20"]
[BlackTeam "Nuernberg Noris Tarrasch U20"]
[WhiteTeamCountry "GER"]
[BlackTeamCountry "GER"]

1. c4 Nf6 2. Nc3 c6 3. g3 e6 4. Bg2 d5 5. Nf3 Bd6 6. b3 Nbd7 7. 0-0 Nf8 8. Bb2 Ng6 9. d3 h5 10. e4 d4 11. Nxd4 Bxg3 12. hxg3 Qxd4 13. Qe2 Qd8 14. e5 Nd7 15. Ne4 Ndxe5 16. Ba3 Qc7 17. Nd6+ Kd8 18. d4 Ng4 19. Rad1 Nh6 20. d5 exd5 21. cxd5 c5 22. Nxc8 Rxc8 23. d6 Qd7 24. Qxh5 Nf5 25. Qg5+ Ke8 26. Rd5 Nd4 27. Re1+ Kf8 28. Re7 Nxe7 29. dxe7+ Qxe7 30. Bxc5 1-0

[Event "Landesliga Nord 1011"]
[Site "Bayern"]
[Date "2011.02.27"]
[Round "7.8"]
[White "Junk, Philipp"]
[Black "Dotzauer, Ernst"]
[Result "0-1"]
[WhiteElo "1758"]
[BlackElo "1865"]
[PlyCount "72"]
[EventDate "2010.10.10"]
[EventType "team-tourn"]
[EventRounds "9"]
[EventCountry "GER"]
[SourceTitle "EXT 2012"]
[Source "ChessBase"]
[SourceDate "2011.11.24"]
[SourceVersion "1"]
[SourceVersionDate "2011.11.24"]
[SourceQuality "1"]
[WhiteTeam "Nuernberg NT II"]
[BlackTeam "Schwandorf"]
[WhiteTeamCountry "GER"]
[BlackTeamCountry "GER"]

1. e4 d6 2. d4 g6 3. Nc3 Bg7 4. Be3 Nf6 5. f3 c6 6. Qd2 b5 7. h4 h5 8. Nh3 Bxh3 9. Rxh3 Nbd7 10. Bd3 a6 11. Nd1 e5 12. c3 Qc7 13. Nf2 c5 14. d5 Nb6 15. g4 hxg4 16. fxg4 0-0-0 17. 0-0-0 Kb7 18. Rdh1 Qd7 19. Qe2 Rh7 20. h5 gxh5 21. gxh5 Bh6 22. Bxh6 Rxh6 23. Qe3 Rdh8 24. Be2 Qd8 25. Qg5 Qg8 26. Qh4 Nbd7 27. Rg3 Qf8 28. Rg5 Qe8 29. Rf5 Qd8 30. Rf1 Kc7 31. Rh1 R8h7 32. Ng4 Rxh5 33. Rxh5 Rxh5 34. Qe1 Rxh1 35. Qxh1 Nxg4 36. Bxg4 Qg5+ 0-1

[Event "Landesliga U20 Nord 1011"]
[Site "Bayern"]
[Date "2010.12.04"]
[Round "3.2"]
[White "Blodig, Constantin"]
[Black "Junk, Philipp"]
[Result "1-0"]
[WhiteElo "1859"]
[BlackElo "1758"]
[PlyCount "59"]
[EventDate "2010.10.16"]
[EventType "team-tourn"]
[EventRounds "7"]
[EventCountry "GER"]
[SourceTitle "EXT 2022"]
[Source "ChessBase"]
[SourceDate "2021.10.06"]
[SourceVersion "1"]
[SourceVersionDate "2021.10.06"]
[SourceQuality "1"]
[WhiteTeam "Dietfurt U20"]
[BlackTeam "Nuernberg Noris Tarrasch U20"]
[WhiteTeamCountry "GER"]
[BlackTeamCountry "GER"]

1. e4 c5 2. Nc3 Nc6 3. g3 g6 4. Bg2 Bg7 5. d3 e6 6. f4 d6 7. Nf3 Nge7 8. 0-0 0-0 9. Be3 Nd4 10. e5 Nef5 11. Bf2 Nxf3+ 12. Qxf3 Nd4 13. Qd1 dxe5 14. fxe5 Bxe5 15. Ne4 Bd6 16. c3 Nf5 17. Nxc5 Qc7 18. Ne4 Be7 19. g4 Ng7 20. Be3 Bd7 21. Nf6+ Bxf6 22. Rxf6 Bc6 23. Qe2 Rfd8 24. Raf1 Be8 25. d4 Rac8 26. Bh6 a6 27. Qf2 Rd7 28. Bxg7 Kxg7 29. Rxe6 Re7 30. Qf6+ 1-0

[Event "Nuremberg Zabo op 12th"]
[Site "Nuremberg"]
[Date "2010.09.19"]
[Round "4"]
[White "Umrath, Stephan"]
[Black "Junk, Philipp"]
[Result "0-1"]
[WhiteElo "1450"]
[BlackElo "1694"]
[PlyCount "68"]
[EventDate "2010.09.17"]
[EventType "swiss"]
[EventRounds "5"]
[EventCountry "GER"]
[SourceTitle "EXT 2011"]
[Source "ChessBase"]
[SourceDate "2010.11.26"]
[SourceVersion "1"]
[SourceVersionDate "2010.11.26"]
[SourceQuality "1"]

1. e4 c5 2. c3 d5 3. e5 e6 4. d4 Nc6 5. Nf3 Qb6 6. Be2 Bd7 7. 0-0 0-0-0 8. b3 cxd4 9. cxd4 Nge7 10. Nc3 h5 11. Na4 Qc7 12. Nc5 Nf5 13. Nxd7 Qxd7 14. Bb2 Be7 15. Bb5 Kb8 16. Qe2 g5 17. Bxc6 Qxc6 18. Rfc1 Qb6 19. Qd1 Rdg8 20. Rc2 h4 21. Rac1 g4 22. Ne1 Bg5 23. Ra1 g3 24. Rc5 Qd8 25. Nf3 gxf2+ 26. Kxf2 Ne3 27. Qd3 Bf4 28. Ne1 Qg5 29. Bc1 Nxg2 30. Bxf4 Qxf4+ 31. Nf3 Ne3 32. Qxe3 Rg2+ 33. Kxg2 Qxe3 34. Rf1 Qe2+ 0-1

[Event "Mittelfranken-chTB2b 0910"]
[Site "Mittelfranken"]
[Date "2010.04.18"]
[Round "9.5"]
[White "Junk, Philipp"]
[Black "Baumann, Mathias"]
[Result "0-1"]
[WhiteElo "1684"]
[BlackElo "1834"]
[PlyCount "54"]
[EventDate "2009.10.11"]
[EventType "team-tourn"]
[EventRounds "9"]
[EventCountry "GER"]
[SourceTitle "EXT 2011"]
[Source "ChessBase"]
[SourceDate "2010.11.26"]
[SourceVersion "1"]
[SourceVersionDate "2010.11.26"]
[SourceQuality "1"]
[WhiteTeam "Nuernberg NT IV"]
[BlackTeam "Nuernberg Zabo"]
[WhiteTeamCountry "GER"]
[BlackTeamCountry "GER"]

1. e4 c6 2. d4 d5 3. exd5 cxd5 4. c4 Nf6 5. Nc3 e6 6. Nf3 Bb4 7. Bd2 dxc4 8. Bxc4 0-0 9. a3 Be7 10. Bf4 Bd7 11. 0-0 Bc6 12. Ne5 Bd5 13. Bd3 Nbd7 14. Re1 Nb6 15. Re3 Rc8 16. Rh3 g6 17. g4 Nfd7 18. g5 Bxg5 19. Qg4 Bxf4 20. Qxf4 Qf6 21. Nxd5 exd5 22. Qh6 Qg7 23. Qf4 Nxe5 24. dxe5 Nc4 25. Bxc4 Rxc4 26. Qg5 h5 27. Rd3 Rg4+ 0-1